FUNDAMENTALS OF NETWORKING AND DATA COMMUNICATIONS (Record no. 8932)

MARC details
000 -LEADER
fixed length control field 00667nam a22001697a 4500
003 - CONTROL NUMBER IDENTIFIER
control field SGT
020 ## - INTERNATIONAL STANDARD BOOK NUMBER
International Standard Book Number 9788131520956
082 ## - DEWEY DECIMAL CLASSIFICATION NUMBER
Classification number 004.602465,WHI
100 ## - MAIN ENTRY--PERSONAL NAME
Personal name WHITE M. CURT
245 ## - TITLE STATEMENT
Title FUNDAMENTALS OF NETWORKING AND DATA COMMUNICATIONS
250 ## - EDITION STATEMENT
Edition statement 7TH
260 ## - PUBLICATION, DISTRIBUTION, ETC. (IMPRINT)
Place of publication, distribution, etc NEW DELHI
Name of publisher, distributor, etc KIRTI PRAKASHAN
Year of Publication 2014
300 ## - PAGE DESCRIPTION
No. of Pages 421
650 ## - SUBJECT ADDED ENTRY--TOPICAL TERM
Topical term or geographic name as entry element COMPUTER SCIENCE
653 ## - KEYWORDS--INDEX TERM
Keyword term Introduction, The Internet, Data Networks, Signal Fundamentals, The Media, Local Area Networks: Part, Local Area Networks: Part, Making Connections, Multiplexing and Compression, Detecting and Correcting Errors, Other Networks, Security, Design and Management of Networks
942 ## - ADDED ENTRY ELEMENTS (KOHA)
Source of classification or shelving scheme Dewey Decimal Classification
Koha item type FCM Books
Holdings
Withdrawn status Lost status Source of classification or shelving scheme Damaged status Not for loan Home library Current library Shelving location Date acquired Vendor Name Cost, normal purchase price SGTU Bill Number Full call number Accession No. (Barcode) Date last seen Bill Date Koha item type Total Checkouts Date last borrowed
    Dewey Decimal Classification   Not For Loan SGT Science & Social Sciences Library SGT Science & Social Sciences Library Reference Book 03/06/2016 KIRTI PRAKASHAN 399.00 SGTU 3199 004.602465,WHI CM1010 03/06/2016 19/10/2015 FCM Books    
    Dewey Decimal Classification     SGT Science & Social Sciences Library SGT Science & Social Sciences Library Text Book 03/06/2016 KIRTI PRAKASHAN 399.00 SGTU 3199 004.602465,WHI CM1011 14/06/2017 19/10/2015 FCM Books 2 05/06/2017
    Dewey Decimal Classification     SGT Science & Social Sciences Library SGT Science & Social Sciences Library Text Book 03/06/2016 KIRTI PRAKASHAN 399.00 SGTU 3199 004.602465,WHI CM1012 03/06/2016 19/10/2015 FCM Books